000 00692nam a2200289Ia 4500
005 20260324150856.0
008 008 260324s9999 xx 000 0 eng d
020 _a9780203071274
037 _aEBOOK
040 _aCRL
040 _beng
040 _cCRL
041 _2eng
041 _aeng
084 _qCRL
100 _aE. A. Budge
_91227933
245 0 _aEgyptian Tales and Romances (Routledge Revivals)
245 0 _bPagan, Christian and Muslim
260 _bTaylor and Francis
260 _c1931
365 _a
365 _b290
856 _uhttp://www.taylorfrancis.com/books/9780203071274
942 _cEBOOK
999 _c1838138
_d1838138